| Tag |
First Indicator |
Second Indicator |
Subfields |
| LEADER |
00000cam a2200000 4500 |
| 001 |
in00000029634 |
| 005 |
20151007062854.0 |
| 008 |
750806s1954 enka b 00000 eng |
| 010 |
|
|
|a 54003210
|
| 035 |
|
|
|a (OCoLC)01515139
|
| 035 |
|
|
|9 AAD5988AM
|
| 040 |
|
|
|a DLC
|c DZM
|d TXA
|d UtOrBLW
|
| 049 |
|
|
|a TXAM
|c 1 [340801], 2 [A09537263]
|
| 050 |
0 |
0 |
|a PR129.G8
|b S6
|
| 082 |
0 |
|
|a 820.903
|
| 092 |
|
|
|a 820.9
|b S746f
|
| 100 |
1 |
|
|a Spencer, T. J. B.
|q (Terence John Bew),
|d 1915-1978.
|
| 245 |
1 |
0 |
|a Fair Greece! :
|b Sad relic; literary philhellenism from Shakespeare to Byron /
|c Terence Spencer.
|
| 264 |
|
1 |
|a London :
|b Weidenfeld & Nicolson,
|c 1954.
|
| 300 |
|
|
|a xi, 312 pages, 4 unnumbered pages of plates :
|b illustrations ;
|c 23 cm.
|
| 336 |
|
|
|a text
|b txt
|2 rdacontent
|
| 337 |
|
|
|a unmediated
|b n
|2 rdamedia
|
| 338 |
|
|
|a volume
|b nc
|2 rdacarrier
|
| 500 |
|
|
|a Includes index.
|
| 504 |
|
|
|a Bibliography: pages 299-301.
|
| 650 |
|
0 |
|a Philhellenism
|z Great Britain.
|
| 650 |
|
0 |
|a Greece in literature.
|
| 650 |
|
0 |
|a English literature
|x History and criticism.
|
| 651 |
|
0 |
|a Great Britain
|x Relations
|z Greece.
|
| 651 |
|
0 |
|a Greece
|x Relations
|z Great Britain.
|
| 999 |
|
|
|a MARS
|
| 999 |
f |
f |
|s c161037d-4612-3cf1-9fe0-6c48483c2a5b
|i 07d89e74-3847-3b85-bd0b-715699ae4858
|t 0
|
| 952 |
f |
f |
|p ric
|a Texas A&M University
|b Rellis Campus
|c Joint Library Facility
|d Remote Storage
|t 0
|e PR129.G8 S6
|h Library of Congress classification
|i unmediated -- volume
|m A14829468743
|
| 952 |
f |
f |
|p normal
|a Texas A&M University
|b College Station
|c Sterling C. Evans Library
|d Evans: Library Stacks
|t 0
|e PR129.G8 S6
|h Library of Congress classification
|i unmediated -- volume
|m A14809537263
|
| 998 |
f |
f |
|a PR129.G8 S6
|t 0
|l Evans: Library Stacks
|
| 998 |
f |
f |
|a PR129.G8 S6
|t 0
|l Remote Storage
|